000 01012nam a2200241 a 4500
001 38852
003 BD-RjUL
005 20211209052854.0
008 160315s1974 ii ||||| |||| 00| 0 ben d
035 _a(BD-RjUL)38962
040 _aBD-RjUL
_beng
_cBD-RjUL
041 _aeng
082 _223
_a891.4437
_bBAM 1974
100 _aবন্দ্যোপাধ্যায়, মানিক
_9118778
245 _aমানিক গ্রন্থাবলী /
_cমানিক বন্দ্যোপাধ্যায়
250 _aবিশেষ সং.
260 _aকলকাতা :
_bগ্রন্থালয় প্রাইভেট লিমিটেড,
_c১৯৭৪
300 _aখ.২ (৪৫৩ পৃ.) ;
_c২২ সেমি.
505 _aখণ্ড - ২য়-৩য়--
600 _aবন্দ্যোপাধ্যায়, মানিক,
_d১৯০৮-১৯৫৬
_9137967
600 _aBandyopadhyay, Manik,
_d1908-1956
_9137968
942 _2ddc
_cBK
_01
999 _c38852
_d38852